[Event "GER-ch46 V05 email"]
[Site "GER email"]
[Date "2014.04.03"]
[Round "?"]
[White "Philippeit, Boris"]
[Black "Wolf, Wolfgang"]
[Result "1/2-1/2"]
[WhiteElo "2103"]
[BlackElo "2076"]
[PlyCount "96"]
[EventDate "2014.04.16"]
[EventType "tourn (corr)"]
[EventRounds "8"]
[EventCountry "GER"]
[SourceTitle "Corr 2020"]
[Source "ChessBase"]
[SourceDate "2019.09.30"]
[SourceVersion "1"]
[SourceVersionDate "2019.09.30"]
[SourceQuality "1"]

1. d4 d5 2. c4 c6 3. Nf3 Nf6 4. Nc3 e6 5. Bg5 dxc4 6. e4 b5 7. e5 h6 8. Bh4 g5 9. Nxg5 hxg5 10. Bxg5 Be7 11. exf6 Bxf6 12. Be3 Bb7 13. Qf3 Nd7 14. Be2 Qc7 15. Bf4 Qb6 16. Ne4 Be7 17. Rd1 Rg8 18. Bd6 Bxd6 19. Nxd6+ Ke7 20. Nxb7 Qxb7 21. 0-0 a5 22. Qa3+ Kd8 23. f4 Nb6 24. f5 Qe7 25. Qc5 Qxc5 26. dxc5+ Nd5 27. fxe6 fxe6 28. Bh5 Rh8 29. Rf7 Rc8 30. Bg4 Re8 31. Re1 Rc7 32. Rxc7 Nxc7 33. Bf3 Nd5 34. h4 Ke7 35. h5 b4 36. Kf2 Kf6 37. Rh1 Rd8 38. h6 a4 39. Be4 Ke5 40. Bf3 Kf6 41. Ke2 Nf4+ 42. Ke3 Nd5+ 43. Kd4 Nb6+ 44. Ke4 Nd7 45. Ke3 Nxc5 46. Bxc6 Rd3+ 47. Kf2 Rd8 48. Ke3 Rd3+ 1/2-1/2